000 00777nam a22001935i 4500
001 157791
003 ES-MaACL
005 20250916194303.0
008 010405s1879 sp |||| | spa d
040 _aCAM
_bspa
_cCAM
245 0 3 _aLa lira mexicana
_b: colección de poesías de autores contemporáneos /
_cformada por Juan de Dios Peza ; con prólogo de Antonio Balbin de Unquera y apreciaciones de Castelar... [et al.].
260 _aMadrid :
_b[s.n.],
_c1879 (
_fR. Velasco, impresor)
300 _aXXXI, 456 p. ;
_c19 cm.
650 7 _aPoesía mexicana-
_yS. XIX
_2
_9146731
700 0 _aPeza, Juan de Dios.
_991609
700 1 _aBalbín de Unquera, Antonio,
_d1842-1919
_924846
852 _aES-MaACL
_jD-1741
_z-- Enc. hol.
999 _c157791
_d157791